对症养生武医八段锦 (Record no. 65649)

000 -LEADER
fixed length control field 00454nam a22001817a 4500
003 - CONTROL NUMBER IDENTIFIER
control field MPLRDC
005 - DATE AND TIME OF LATEST TRANSACTION
control field 20220104194353.0
008 - FIXED-LENGTH DATA ELEMENTS--GENERAL INFORMATION
fixed length control field 210129b ||||| |||| 00| 0 eng d
020 ## - INTERNATIONAL STANDARD BOOK NUMBER
International Standard Book Number 978-986-85898-2-7
082 ## - DEWEY DECIMAL CLASSIFICATION NUMBER
Classification number 413.94 ZZZ
100 ## - MAIN ENTRY--PERSONAL NAME
Personal name 张振泽
245 ## - TITLE STATEMENT
Title 对症养生武医八段锦
Statement of responsibility, etc.
250 ## - EDITION STATEMENT
Edition statement 初版
260 ## - PUBLICATION, DISTRIBUTION, ETC.
Place of publication, distribution, etc. 台湾
Name of publisher, distributor, etc. 京典出版事业有限公司
Date of publication, distribution, etc. 2010
300 ## - PHYSICAL DESCRIPTION
Other physical details CD一片
650 ## - SUBJECT ADDED ENTRY--TOPICAL TERM
Topical term or geographic name entry element 气功
942 ## - ADDED ENTRY ELEMENTS (KOHA)
Koha item type Book
-- 413.94 ZZZ
Holdings
Withdrawn status Lost status Source of classification or shelving scheme Damaged status Not for loan Collection code Home library Current library Shelving location Date acquired Cost, normal purchase price Total Checkouts Full call number Barcode Date last seen Date last checked out Price effective from Koha item type Public note
            Malaysian Public Library, Research and Development Centre Malaysian Public Library, Research and Development Centre   07/11/2015 50.00   413.94 ZZZ 00059513 18/03/2021 16/12/2018 18/03/2021 Book mplrdc

© 2022. Malaysian Public Library, Research and Development Centre. All Right ReservedE-mailmplrdc@help.edu.my 

Powered by Koha